| 000 | 00549nam a2200205Ia 4500 | ||
|---|---|---|---|
| 003 | OSt | ||
| 005 | 20260108115140.0 | ||
| 008 | 008 250505s9999 xx 000 0 eng d | ||
| 037 | _aTextbook | ||
| 040 |
_aFEDL _beng _cFEDL |
||
| 041 |
_aeng _2eng |
||
| 082 | _a371.4, COX | ||
| 084 | _qFEDL | ||
| 100 |
_aCox Philip W L _9139959 |
||
| 245 | 0 | _aBasic principles of guidance | |
| 260 |
_aNew York, USA _bPrentice Hall _c1948 |
||
| 300 | _a439p. | ||
| 942 |
_cTB _h371.4, COX _2ddc _n0 |
||
| 999 |
_c1324572 _d1324572 |
||